[Event "ITA-ch blitz"]
[Site "Chianciano Terme"]
[Date "2018.04.01"]
[Round "1"]
[White "Dvirnyy, Danyyil"]
[Black "Reginato, Sabrina"]
[Result "1-0"]
[WhiteElo "2537"]
[BlackElo "1865"]
[PlyCount "61"]
[EventDate "2018.04.01"]
[EventType "swiss (blitz)"]
[EventRounds "11"]
[EventCountry "ITA"]
[SourceTitle "CBM 183 Extra"]
[Source "ChessBase"]
[SourceDate "2018.04.19"]
[SourceVersion "1"]
[SourceVersionDate "2018.04.19"]
[SourceQuality "1"]

1. d4 d5 2. c4 c6 3. Nf3 Nf6 4. e3 e6 5. Bd3 Bd6 6. b3 0-0 7. 0-0 Nbd7 8. Bb2 b6 9. Nbd2 Bb7 10. Ne5 dxc4 11. Ndxc4 Qc7 12. Nxd6 Qxd6 13. Nc4 Qc7 14. e4 Rfd8 15. Qe2 c5 16. Rac1 cxd4 17. e5 Nd5 18. Nd6 Qb8 19. Bxd4 Nf4 20. Qd2 Nxd3 21. Qxd3 Bd5 22. Qe3 Nf8 23. Rc3 Rxd6 24. exd6 Qxd6 25. Be5 Qe7 26. Rc7 Qh4 27. Bg3 Qh5 28. Rfc1 Qg6 29. h3 Rd8 30. Rc8 Qf6 31. Qe5 1-0

[Event "Innsbruck op-B 1st"]
[Site "Innsbruck"]
[Date "2017.08.29"]
[Round "5"]
[White "Schwarz, Benedikt"]
[Black "Reginato, Sabrina"]
[Result "0-1"]
[WhiteElo "1570"]
[BlackElo "1861"]
[PlyCount "82"]
[EventDate "2017.08.25"]
[EventType "swiss"]
[EventRounds "9"]
[EventCountry "AUT"]
[SourceTitle "CBM 180 Extra"]
[Source "ChessBase"]
[SourceDate "2017.10.06"]
[SourceVersion "1"]
[SourceVersionDate "2017.10.06"]
[SourceQuality "1"]

1. d4 d5 2. Bf4 Nf6 3. e3 Bf5 4. c4 e6 5. Qb3 Qc8 6. Nc3 c6 7. Nf3 Nh5 8. Bxb8 Rxb8 9. cxd5 exd5 10. Qa4 a6 11. Rc1 Qe6 12. Ng5 Qd6 13. Nxd5 h6 14. Nf3 Qxd5 15. Bc4 Qd6 16. Ne5 Qb4+ 17. Qxb4 Bxb4+ 18. Ke2 Be6 19. Bxe6 fxe6 20. a3 Bd6 21. Nf3 Nf6 22. Kd3 Nd5 23. Rc2 Kd7 24. Nd2 b5 25. Ne4 a5 26. Rhc1 Rbc8 27. g3 a4 28. Nxd6 Kxd6 29. e4 Nb6 30. e5+ Kd7 31. f4 Rhf8 32. Rf1 Nc4 33. g4 c5 34. f5 Kc6 35. Ke4 Rcd8 36. Rd1 Rxd4+ 37. Rxd4 cxd4 38. fxe6 Re8 39. Kf5 Kd5 40. Re2 d3 41. Re1 d2 0-1

[Event "Chioggia op-B 11th"]
[Site "Chioggia"]
[Date "2016.10.08"]
[Round "2"]
[White "Reginato, Sabrina"]
[Black "Dalla Palma, Giovanni"]
[Result "1-0"]
[WhiteElo "1864"]
[BlackElo "1782"]
[PlyCount "95"]
[EventDate "2016.10.07"]
[EventType "swiss"]
[EventRounds "5"]
[EventCountry "ITA"]
[SourceTitle "EXT 2022"]
[Source "ChessBase"]
[SourceDate "2021.10.06"]
[SourceVersion "1"]
[SourceVersionDate "2021.10.06"]
[SourceQuality "1"]

1. d4 f5 2. Nf3 g6 3. Bf4 Nf6 4. g3 Bg7 5. Bg2 d6 6. c3 0-0 7. Qb3+ d5 8. Nbd2 c6 9. Ne5 Nh5 10. h4 Nd7 11. Ndf3 Nxf4 12. gxf4 Nf6 13. Ng5 Ne4 14. e3 e6 15. Nxe4 fxe4 16. f3 Bxe5 17. dxe5 exf3 18. Bxf3 Qb6 19. Kd2 Qxb3 20. axb3 Bd7 21. Rag1 Rf7 22. Rg5 Rg7 23. Rhg1 Be8 24. h5 Rd8 25. Bg4 Bd7 26. hxg6 hxg6 27. Bh5 Be8 28. Bxg6 Bxg6 29. Rxg6 Rxg6 30. Rxg6+ Kf7 31. Rf6+ Ke7 32. Rh6 Rf8 33. Rh7+ Rf7 34. Rxf7+ Kxf7 35. e4 Kg6 36. Ke3 dxe4 37. Kxe4 c5 38. b4 b6 39. bxc5 bxc5 40. b4 cxb4 41. cxb4 a6 42. Kf3 Kh6 43. Kg3 Kg6 44. Kf3 Kh6 45. Ke3 Kg7 46. Kd4 Kg6 47. Kc5 Kf5 48. Kd6 1-0

[Event "ITA-ch (Women) 39th"]
[Site "Acqui Terme"]
[Date "2012.07.28"]
[Round "7"]
[White "Reginato, Sabrina"]
[Black "Gueci, Tea"]
[Result "1-0"]
[WhiteElo "1988"]
[BlackElo "1926"]
[PlyCount "107"]
[EventDate "2012.07.23"]
[EventType "swiss"]
[EventRounds "8"]
[EventCountry "ITA"]
[SourceTitle "EXT 2023"]
[Source "ChessBase"]
[SourceDate "2022.10.05"]
[SourceVersion "1"]
[SourceVersionDate "2022.10.05"]
[SourceQuality "1"]

1. e4 c5 2. Nf3 d6 3. c3 Nf6 4. Be2 Nc6 5. d3 g6 6. 0-0 Bg7 7. d4 e6 8. Qc2 0-0 9. dxc5 dxc5 10. Be3 b6 11. h3 Qc7 12. a4 Bb7 13. Na3 a6 14. Nc4 Rfd8 15. Rfd1 Rac8 16. Bg5 Rd7 17. Bxf6 Rxd1+ 18. Rxd1 Bxf6 19. Qb3 Na5 20. Qxb6 Nxc4 21. Qxc7 Rxc7 22. Bxc4 Bxe4 23. Bxa6 Bc6 24. Bb5 Bxb5 25. axb5 Rb7 26. c4 Bxb2 27. Rd6 Kf8 28. Rc6 Ba3 29. Ne5 Ke7 30. Nd3 Kd7 31. Nxc5+ Bxc5 32. Rxc5 Rb6 33. Kf1 Kd6 34. Rc8 Kd7 35. Ra8 Rb7 36. Ke2 Kd6 37. Kd3 Kc5 38. Kc3 Rc7 39. Ra6 h6 40. f4 g5 41. g3 Rc8 42. Ra7 f6 43. Rf7 f5 44. Rf6 Kd6 45. Rxh6 gxf4 46. gxf4 Rg8 47. Rh7 Rg1 48. b6 Rc1+ 49. Kd3 Rb1 50. b7 Kc6 51. Kd4 Kd6 52. c5+ Kc6 53. Ke5 Kxc5 54. Rc7+ 1-0

[Event "ITA-ch (Women)"]
[Site "Montecatini Terme"]
[Date "2011.08.04"]
[Round "6"]
[White "Palmitessa, Chiara"]
[Black "Reginato, Sabrina"]
[Result "0-1"]
[WhiteElo "1938"]
[BlackElo "1954"]
[PlyCount "64"]
[EventDate "2011.07.31"]
[EventType "swiss"]
[EventRounds "9"]
[EventCountry "ITA"]
[SourceTitle "EXT 2017"]
[Source "ChessBase"]
[SourceDate "2016.10.25"]
[SourceVersion "1"]
[SourceVersionDate "2016.10.25"]
[SourceQuality "1"]

1. e4 c6 2. d4 d5 3. e5 Bf5 4. Nc3 a6 5. g4 Bd7 6. h3 e6 7. Nge2 c5 8. Be3 cxd4 9. Bxd4 Nc6 10. Qd2 Qc7 11. f4 Nxd4 12. Nxd4 Rc8 13. Rg1 Qb6 14. 0-0-0 Bb4 15. Rg3 Ne7 16. f5 exf5 17. gxf5 Nxf5 18. Nxf5 Bxf5 19. Qxd5 Bxc3 20. Rxc3 Rxc3 21. bxc3 0-0 22. Bg2 Qc7 23. Qd4 h6 24. Re1 Rd8 25. Qb4 a5 26. Qb3 Qd7 27. Be4 Qd2+ 28. Kb2 Qxe1 29. Bxf5 Rd1 30. Qc4 Rb1+ 31. Ka3 Qc1+ 32. Ka4 b5+ 0-1

[Event "Wch U20 Girls"]
[Site "Puerto Madryn"]
[Date "2009.10.24"]
[Round "4"]
[White "Mendoza Velazquez, Lorena Alejandra"]
[Black "Reginato, Sabrina"]
[Result "1/2-1/2"]
[WhiteElo "1973"]
[BlackElo "1880"]
[PlyCount "73"]
[EventDate "2009.10.22"]
[EventType "swiss"]
[EventRounds "13"]
[EventCountry "ARG"]
[SourceTitle "EXT 2010"]
[Source "ChessBase"]
[SourceDate "2010.11.25"]
[SourceVersion "1"]
[SourceVersionDate "2010.11.25"]
[SourceQuality "1"]

1. c4 e6 2. Nf3 Nf6 3. g3 d5 4. Bg2 Be7 5. 0-0 0-0 6. d4 c6 7. b3 b6 8. Qc2 Nbd7 9. Rd1 Bb7 10. Nc3 Rc8 11. e4 c5 12. exd5 exd5 13. dxc5 dxc4 14. Ne5 Bxg2 15. Kxg2 Qc7 16. Nxd7 Nxd7 17. Nd5 Qc6 18. Kg1 Bxc5 19. Qxc4 Nf6 20. Bb2 Nxd5 21. Rxd5 Qg6 22. Qf4 h6 23. Rad1 Rfe8 24. Qd2 Qg4 25. Bd4 Re2 26. Qd3 Rxa2 27. Bxc5 bxc5 28. Rd8+ Rxd8 29. Qxd8+ Kh7 30. Qd3+ Qg6 31. Qe3 Qf5 32. Rc1 Rc2 33. Ra1 Rb2 34. Rc1 Rc2 35. Ra1 Rb2 36. Rc1 Rc2 37. Ra1 1/2-1/2

[Event "Wch U20 Girls"]
[Site "Puerto Madryn"]
[Date "2009.10.23"]
[Round "3"]
[White "Reginato, Sabrina"]
[Black "Kiran, Manisha Mohanty"]
[Result "0-1"]
[WhiteElo "1880"]
[BlackElo "2261"]
[PlyCount "46"]
[EventDate "2009.10.22"]
[EventType "swiss"]
[EventRounds "13"]
[EventCountry "ARG"]
[SourceTitle "EXT 2010"]
[Source "ChessBase"]
[SourceDate "2010.11.25"]
[SourceVersion "1"]
[SourceVersionDate "2010.11.25"]
[SourceQuality "1"]

1. d4 Nf6 2. Nf3 g6 3. c3 Bg7 4. Bf4 d5 5. Nbd2 0-0 6. h3 c5 7. e3 Nc6 8. Be2 Nd7 9. 0-0 e5 10. dxe5 Ndxe5 11. e4 Nxf3+ 12. Bxf3 d4 13. Nb3 Qf6 14. Bd2 Qe7 15. Qc2 Be6 16. cxd4 c4 17. Nc1 Nxd4 18. Qd1 Rfd8 19. Bc3 Nb3 20. Qe2 Nxa1 21. Bxg7 Kxg7 22. Qe3 Nc2 23. Qc3+ Nd4 0-1

[Event "ITA-ch qual"]
[Site "Arvier"]
[Date "2009.09.30"]
[Round "5"]
[White "Reginato, Sabrina"]
[Black "Baloire, Endy"]
[Result "0-1"]
[WhiteElo "1880"]
[BlackElo "1895"]
[PlyCount "54"]
[EventDate "2009.09.26"]
[EventType "swiss"]
[EventRounds "9"]
[EventCountry "ITA"]
[SourceTitle "CBM 132 Extra"]
[Source "ChessBase"]
[SourceDate "2009.11.03"]
[SourceVersion "1"]
[SourceVersionDate "2009.11.03"]
[SourceQuality "1"]

1. e4 c6 2. d4 d5 3. exd5 cxd5 4. Bd3 Nf6 5. Bg5 Bg4 6. Nf3 e6 7. c3 Bd6 8. Nbd2 Nbd7 9. 0-0 Qc7 10. Qc2 0-0 11. Rae1 Rab8 12. Bxf6 Nxf6 13. Ne5 Bh5 14. f4 Bg6 15. f5 exf5 16. Bxf5 Rfe8 17. Ndf3 b5 18. Bxg6 hxg6 19. Nxf7 Rxe1 20. Rxe1 Qxf7 21. Ng5 Qd7 22. Qxg6 Bf4 23. Nf3 Re8 24. Ne5 Bxe5 25. dxe5 Ne4 26. Re3 Qf7 27. Qxf7+ Kxf7 0-1

[Event "ITA-ch qual"]
[Site "Arvier"]
[Date "2009.09.27"]
[Round "2"]
[White "Rorato, Renzo"]
[Black "Reginato, Sabrina"]
[Result "1-0"]
[WhiteElo "2067"]
[BlackElo "1880"]
[PlyCount "57"]
[EventDate "2009.09.26"]
[EventType "swiss"]
[EventRounds "9"]
[EventCountry "ITA"]
[SourceTitle "CBM 132 Extra"]
[Source "ChessBase"]
[SourceDate "2009.11.03"]
[SourceVersion "1"]
[SourceVersionDate "2009.11.03"]
[SourceQuality "1"]

1. Nf3 d5 2. c4 d4 3. g3 c5 4. Bg2 Nc6 5. d3 e5 6. 0-0 f5 7. e3 Nf6 8. exd4 cxd4 9. Re1 Bd6 10. Nxe5 Bxe5 11. Bf4 0-0 12. Bxe5 Nxe5 13. Rxe5 Ng4 14. Rd5 Qb6 15. h3 Qxb2 16. Nd2 Nf6 17. Rb5 Qa3 18. Qb3 Qe7 19. Nf3 f4 20. Re1 Qf7 21. gxf4 Re8 22. Rxe8+ Qxe8 23. Re5 Qd7 24. Qb2 Qf7 25. Qxd4 Bg4 26. hxg4 Nxg4 27. Rg5 h5 28. Ne5 Nxe5 29. Qxe5 1-0

[Event "ITA-ch qual"]
[Site "Arvier"]
[Date "2009.09.26"]
[Round "1"]
[White "Reginato, Sabrina"]
[Black "Amalfitano, Giovanni"]
[Result "1-0"]
[WhiteElo "1880"]
[BlackElo "1620"]
[PlyCount "64"]
[EventDate "2009.09.26"]
[EventType "swiss"]
[EventRounds "9"]
[EventCountry "ITA"]
[SourceTitle "CBM 132 Extra"]
[Source "ChessBase"]
[SourceDate "2009.11.03"]
[SourceVersion "1"]
[SourceVersionDate "2009.11.03"]
[SourceQuality "1"]

1. d4 Nf6 2. Nf3 g6 3. Nbd2 Bg7 4. e4 d6 5. Bd3 Nbd7 6. 0-0 e5 7. c3 0-0 8. Qc2 Nh5 9. Nc4 b5 10. Ne3 a6 11. a4 Nf4 12. axb5 Nxd3 13. Qxd3 a5 14. Nc4 a4 15. b3 Bb7 16. bxa4 f5 17. Ncd2 f4 18. a5 Ra7 19. Bb2 Ba8 20. Rfd1 Qe8 21. Qc4+ Kh8 22. Ng5 Rf6 23. d5 Qe7 24. Ne6 Nc5 25. Nxc5 dxc5 26. Nb3 Bf8 27. Ba3 Qd7 28. Bxc5 Bxc5 29. Nxc5 Qg4 30. f3 Qh5 31. Ne6 g5 32. Qc5 Rh6 1-0

[Event "EU-ch U18 Girls 19th"]
[Site "Fermo"]
[Date "2009.09.07"]
[Round "7"]
[White "Narva, Ann"]
[Black "Reginato, Sabrina"]
[Result "0-1"]
[WhiteElo "1689"]
[BlackElo "1880"]
[PlyCount "108"]
[EventDate "2009.08.31"]
[EventType "swiss"]
[EventRounds "9"]
[EventCountry "ITA"]
[SourceTitle "CBM 132 Extra"]
[Source "ChessBase"]
[SourceDate "2009.11.03"]
[SourceVersion "1"]
[SourceVersionDate "2009.11.03"]
[SourceQuality "1"]

1. e4 c5 2. Nf3 a6 3. c3 e6 4. d4 d5 5. e5 Bd7 6. Be2 cxd4 7. cxd4 Bb5 8. Bd2 Nc6 9. 0-0 Bxe2 10. Qxe2 Nge7 11. Na3 Nf5 12. Nc2 Be7 13. Bc3 b5 14. b4 Qb6 15. a4 Na7 16. a5 Qc7 17. Bb2 Qc4 18. Qd2 Rc8 19. Rfc1 0-0 20. Ra3 Qc7 21. g4 Nh4 22. Nxh4 Bxh4 23. Rh3 Be7 24. Kh1 f5 25. gxf5 exf5 26. f4 Qd7 27. Rg1 Rc4 28. Rhg3 g6 29. Qg2 Qe6 30. Ba3 Rfc8 31. Ne3 Rxd4 32. Qf2 Nc6 33. Nc2 Rc4 34. Rb3 Nxa5 35. Rb2 Nc6 36. h4 Rc3 37. Kg2 d4 38. Ra1 Qd5+ 39. Kg1 d3 40. Ne3 Qd4 41. Rd2 Bxh4 42. Qxh4 Qxe3+ 43. Qf2 Qxf2+ 44. Kxf2 Nd4 45. Bb2 Rc2 46. Bxd4 Rxd2+ 47. Ke3 Rh2 48. Kxd3 Rd8 49. Re1 Rh3+ 50. Re3 Rxd4+ 51. Kxd4 Rxe3 52. Kxe3 Kf7 53. Kd4 Ke6 54. Kc5 h5 0-1

[Event "Chioggia op-A 03rd"]
[Site "Chioggia"]
[Date "2008.10.12"]
[Round "4"]
[White "Zarpellon, Daniele"]
[Black "Reginato, Sabrina"]
[Result "0-1"]
[WhiteElo "2014"]
[BlackElo "1818"]
[PlyCount "36"]
[EventDate "2008.10.10"]
[EventType "swiss"]
[EventRounds "5"]
[EventCountry "ITA"]
[SourceTitle "EXT 2022"]
[Source "ChessBase"]
[SourceDate "2021.10.06"]
[SourceVersion "1"]
[SourceVersionDate "2021.10.06"]
[SourceQuality "1"]

1. e4 c5 2. c3 d5 3. exd5 Qxd5 4. d4 Nc6 5. Nf3 Bg4 6. Be2 e6 7. 0-0 Nf6 8. Na3 a6 9. h3 Bh5 10. Nc2 Be7 11. Be3 cxd4 12. Ncxd4 Nxd4 13. Nxd4 Bxe2 14. Qxe2 0-0 15. Rfd1 Rfd8 16. g4 Qe4 17. Qf3 Rxd4 18. Qxe4 Rxe4 0-1